<?xml version="1.0" encoding="UTF-8"?>
<marc:record xmlns:marc="http://www.loc.gov/MARC21/slim">
   <marc:leader>00000nam a2200000 a 4500</marc:leader>
   <marc:datafield ind1="1" ind2=" " tag="100">
      <marc:subfield code="a">Lapide, Yuval</marc:subfield>
      <marc:subfield code="4">edt</marc:subfield>
      <marc:subfield code="e">Bearbeiter/-in</marc:subfield>
   </marc:datafield>
   <marc:datafield ind1=" " ind2=" " tag="653">
      <marc:subfield code="a">Kabbala</marc:subfield>
   </marc:datafield>
   <marc:datafield ind1=" " ind2=" " tag="653">
      <marc:subfield code="a">Quelle</marc:subfield>
   </marc:datafield>
   <marc:datafield ind1="0" ind2="0" tag="245">
      <marc:subfield code="a">Das Herz der Kabbala</marc:subfield>
   </marc:datafield>
   <marc:datafield ind1="0" ind2="0" tag="245">
      <marc:subfield code="b">mystische Weisheiten für jeden Tag des Jahres</marc:subfield>
   </marc:datafield>
   <marc:datafield ind1="0" ind2="0" tag="245">
      <marc:subfield code="c">hrsg. und eingeleitet von Yuval Lapide</marc:subfield>
   </marc:datafield>
   <marc:datafield ind1=" " ind2="1" tag="264">
      <marc:subfield code="a">München</marc:subfield>
      <marc:subfield code="b">Barth</marc:subfield>
      <marc:subfield code="c">2011</marc:subfield>
   </marc:datafield>
   <marc:datafield ind1=" " ind2=" " tag="250">
      <marc:subfield code="a">Orig.-Ausg.</marc:subfield>
   </marc:datafield>
   <marc:datafield ind1="1" ind2=" " tag="520">
      <marc:subfield code="a">Angaben aus der Verlagsmeldung

Das Herz der Kabbala : Mystische Weisheiten für jeden Tag des Jahres / von Yuval Lapide

Kabbala ist der Sammelbegriff für die umfangreiche Literatur der jüdischen Mystik. Der Kabbala-Spezialist Yuval Lapide hat für jeden Tag des Jahres die wichtigsten und schönsten Texte ausgewählt. Sie stammen vor allem aus dem Sohar, dem in Spanien geschaffenen Grundlagenwerk der Kabbala aus dem 13. Jahrhundert sowie aus berühmten Texten der chassidischen Tradition. Der Chassidismus entstand im 18. Jahrhundert in Osteuropa und hat eine besonders lebenspraktische Mystik entwickelt.
Jeder Monat in diesem Jahresbegleiter beginnt mit einer Schmuckseite, auf der das hebräische Wort für die einzelnen Sephirot dargestellt ist, den zehn göttlichen Urkräften des Kosmos. Ihre hierarchische Ordnung wird durch den berühmten Weltenbaum symbolisiert, mit dem auch der Mensch mit Körper, Verstand und Seele ganzheitlich verbunden ist.
Eine inspirierende Reise in das Herz der Kabbala.
</marc:subfield>
   </marc:datafield>
   <marc:datafield ind1=" " ind2=" " tag="020">
      <marc:subfield code="a">9783426291986</marc:subfield>
      <marc:subfield code="9">9783426291986</marc:subfield>
   </marc:datafield>
   <marc:datafield ind1=" " ind2=" " tag="020">
      <marc:subfield code="a">3426291983</marc:subfield>
      <marc:subfield code="9">3426291983</marc:subfield>
   </marc:datafield>
   <marc:datafield ind1=" " ind2=" " tag="041">
      <marc:subfield code="a">ger</marc:subfield>
   </marc:datafield>
   <marc:datafield ind1=" " ind2=" " tag="300">
      <marc:subfield code="a">413 S.</marc:subfield>
   </marc:datafield>
</marc:record>
